000 00354nam a2200145Ia 4500
008 230711s9999||||xx |||||||||||||| ||und||
041 _aENG
082 _a720
_bST-A
100 _aSteffy,Gary
245 0 _aArchitectural lighting design
250 _a2nd . Ed.
260 _c2002
_aNew York
_bJohn Wiley & Sons.Inc
650 _aArchitecture
942 _cBK
999 _c4187
_d4187